PDC Darts Major Winners - Statistics

General Stats
  • This quiz has been taken 187 times
    145 since last reset
  • The average score is 24 of 39
Answer Stats
Titles Nation Player % Correct
50 NED Michael van Gerwen
98%
84 ENG Phil Taylor
98%
9 SCO Gary Anderson
96%
8 WAL Gerwyn Price
96%
9 SCO Peter Wright
96%
11 NED Raymond van Barneveld
94%
3 CAN John Part
89%
5 WAL Jonny Clayton
88%
2 ENG Michael Smith
87%
1 ENG Ross Smith
87%
8 ENG Adrian Lewis
84%
1 POR Jose de Sousa
83%
2 AUS Simon Whitlock
83%
11 ENG James Wade
82%
4 ENG Rob Cross
81%
2 NIR Daryl Gurney
75%
1 BEL Dimitri Van den Bergh
73%
1 AUT Mensur Suljovic
71%
1 NED Danny Noppert
68%
1 ENG Nathan Aspinall
61%
1 ENG Joe Cullen
59%
1 ENG Chris Dobey
57%
1 ENG Dennis Priestley
56%
2 SCO Robert Thornton
53%
1 SCO John Henderson
50%
1 ENG Andrew Gilding
47%
1 ENG Glen Durrant
38%
1 NED Co Stompe
35%
1 AUS Paul Nicholson
35%
1 ENG Peter Manley
35%
2 ENG Colin Lloyd
32%
1 ENG Kevin Painter
32%
2 ENG Rod Harrington
28%
1 USA Larry Butler
27%
1 ENG Alan Warriner
24%
1 NED Roland Scholten
21%
1 ENG Scott Waites
20%
1 ENG Peter Evison
19%
1 ENG Colin Osborne
12%
No matching quizzes found
Score Distribution
Percent of People with Each Score
Percentile by Number Answered
Your Score History
You have not taken this quiz since the last reset